Estatísticas para 20 Países em um Mapa Topológico

Clique aqui para jogar o quiz

Estatísticas Gerais

  • Esse quiz foi jogado 2 250 vezes
  • A pontuação média é 11 de 20

Respostas no mapa

Respostas codificadas por cores de uma escala verde-vermelha no mapa do quiz de acordo com a % correta abaixo.
 

Estatísticas das Respostas

País% Correto
Brasil
96%
Canadá
88%
Chile
84%
Itália
66%
Portugal
66%
África do Sul
63%
Guatemala
58%
Argélia
55%
Turquia
54%
R. D. do Congo
52%
Arábia Saudita
51%
Ucrânia
51%
Andorra
49%
Grécia
49%
Indonésia
44%
Israel
44%
Coreia do Sul
39%
Mongólia
39%
Afeganistão
30%
Vietname
30%

Distribuição das Pontuações

Percentil de Números Respondidos

Porcentagem de Pessoas com Cada Pontuação

Sua Pontuação Histórica

Você não jogou esse quiz